| 000 | 00614nam a22002177a 4500 | ||
|---|---|---|---|
| 999 |
_c10244 _d10244 |
||
| 003 | AR-CdUCM | ||
| 008 | 190329b ||||| |||| 00| 0 spa d | ||
| 040 |
_aMUNICIPALIDAD PROVINCIAL DEL CUSCO _cBIBLIOTECA MUNICIPAL DEL CUSCO |
||
| 082 |
_aES / 800 / _bA71 |
||
| 100 |
_aAristofanes _926978 |
||
| 245 | _aComedias / | ||
| 260 |
_aBarcelona : _bMateu, _c1954. |
||
| 300 |
_a251 páginas ; _c19.5 cm. |
||
| 440 |
_aClásicos cadete _926813 |
||
| 650 |
_aObras literarias. _9403 |
||
| 650 |
_aComedias. _922249 |
||
| 700 |
_aPlauto. _916595 |
||
| 700 |
_aTerebcio. _926979 |
||
| 942 |
_2ddc _cLIBROS |
||
| 945 | _awfj | ||